Регионална библиотека "Любен Каравелов" - Русе

По стъпките на Хемингуей (Запис номер 178254)

MARC детайли
000 -Лидер
Контролно поле с фиксирана дължина 01440nam a2200373 c 4500
003 - Код на организацията, давaща контролен номер
Контролно поле BLK
005 - Дата и час на последна редакция
Контролно поле 20250226110557.0
008 - Елементи от данни с фиксирана дължина
fixed length control field 180411b bul|||||r ||||||| ||bul||
010 ## - Наследен системен номер
LC control number KNG00186959000
020 ## - Международен стандартен номер на книга ISBN
Международен стандартен номер на книга ISBN 9789549535754
040 ## - Източник на каталожния запис
Идентификатор на билиотеката - собственик на записа BLK
041 ## - Код за език
Код за езика на текст/звукозапис или на отделно заглавие Български
Код за езика КДБФ Български
072 #7 - Код за тематичната категория
Код организация bullib
Код за тематична категория Н83
Текст Чужда художествена литература Н
080 ## - УДК
Текстов определител УДК Английска литература
УДК код - определител по УДК 821.111
УДК определител -992
УДК - код + определител 821.111-992
100 1# - Редна дума - Автор
Автор Палин, Майкъл
Авторска отговорност първи автор
R(LIN) 277849
139 ## - Редно поле
Редна дума Палин, Майкъл
Авторски знак Пал - П 15
245 10 - Сведения за заглавието
Заглавие По стъпките на Хемингуей
Редно поле (дума) Майкъл Палин; прев. от англ. Диляна Пчелова; фотогр. Базил Пао.
257 ## - Страна на издаване
Страна на създаване/издаване Великобритания
260 ## - Област на издателските данни
Място на издаване, разпространение и проч. София
Име на издателя, разпространителя и проч. Вакон
Година на издаване 2014
Печатница София : Алианс принт
300 ## - Физическа характеристика
Страници 232 с.
Илюстрации и др. 32 л. ил.
Размери/Мащаб 20 см
380 ## - Жанр
Жанр Худож. лит.
500 ## - Общи забележки
Забележка Ориг. загл.: Hemingway adventure / Michael Palin. - Биогр. данни за авт.
659 ## - Тематичен бюлетин
Тематичен бюлетин Н
700 1# - Други автори (авторска отговорност)
Лично име Пчелова, Диляна
Автороска отговорност (Описва отношението между автора и произведението) прев. от англ.
9 (RLIN) 113537
700 1# - Други автори (авторска отговорност)
Лично име Пао, Базил
Автороска отговорност (Описва отношението между автора и произведението) фотогр.
9 (RLIN) 106530
852 ## - Местоположение
Форматна сигнатура Цб 279845
856 4# - Електронен адрес и достъп
Електронен формат pdf - файл
856 4# - Електронен адрес и достъп
Електронен формат pdf - файл
999 ## - СИСТЕМНИ КОНТРОЛНИ НОМЕРА
Koha biblionumber 178254
Koha biblioitemnumber 178254
942 ## - АРТИКУЛИ
Вид на библиотечния материал Книги
Скрит в OPAC Не
Периодичен библиозапис Да
Koha issues (borrowed), all copies 10
944 ## - СЪЗДАВАНЕ И РЕДАКЦИЯ на ЗАПИСА
Създаване/Редакция Създаване
Дата на регистрацията/редакция 09.03.2016
Служител, извършил регистрацията/редакцията 30540
Статус, дата на статуса Севдалина Тодорова
944 ## - СЪЗДАВАНЕ И РЕДАКЦИЯ на ЗАПИСА
Създаване/Редакция Редакция
Дата на регистрацията/редакция 23.03.2016
Служител, извършил регистрацията/редакцията Геновева_Генчева
999 ## - СИСТЕМНИ КОНТРОЛНИ НОМЕРА
Koha biblioitemnumber 178254
999 ## - СИСТЕМНИ КОНТРОЛНИ НОМЕРА
Koha biblioitemnumber 178254
Наличности
Код за отписване Код за изгубен артикул Код за повреда Коз за рестрикции Код за отдаване Артикулен № Име на библиотеката - собственик Име на библиотеката, в която се намира в момента Статус (Текущо местоположение) Дата на вписване в системата Местоположение - отдел Цена в лева Инвентарен номер Систематично азбучна сигнатура Баркод Номер на екземпляра Цена в евро Служебна бележка Служебен тип на артикула Източник на класификационната схема
  Не е изгубен Не е повреден без рестрикции ползва се в читалня 306169 Регионална библиотека "Любен Каравелов" Русе Регионална библиотека "Любен Каравелов" Русе Хранилище 2016-03-09 Хранилище 17.00 120000798673 Цб 279845 120000798673 1 8.69 Дост: Dp Вид: Д N: 7 Дата: 01.02.2016 Книги  
  Не е изгубен Не е повреден без рестрикции заемане за дома 800656 Регионална библиотека "Любен Каравелов" Русе Регионална библиотека "Любен Каравелов" Русе Заемна - подръчен фонд 2020-09-26 Заемна - подръчен фонд 11.90   821-9/П 15 М 120000847450   6.08   Книги Universal Decimal Classification
Vip Innovations Ltd, Rousse, Bulgaria 2025